header

Fundamentals of nursing : (Record no. 255906)

MARC details
000 -LEADER
fixed length control field 01249cam a22004097a 4500
001 - CONTROL NUMBER
control field 13625712
003 - CONTROL NUMBER IDENTIFIER
control field OSt
005 - DATE AND TIME OF LATEST TRANSACTION
control field 20170302095208.0
008 - FIXED-LENGTH DATA ELEMENTS--GENERAL INFORMATION
fixed length control field 040616s2004 moua b 001 0 eng
010 ## - LIBRARY OF CONGRESS CONTROL NUMBER
LC control number 2004273262
015 ## - NATIONAL BIBLIOGRAPHY NUMBER
National bibliography number GBA3-W1133
016 7# - NATIONAL BIBLIOGRAPHIC AGENCY CONTROL NUMBER
Record control number 101192297
Source DNLM
020 ## - INTERNATIONAL STANDARD BOOK NUMBER
International Standard Book Number 0721691412
035 ## - SYSTEM CONTROL NUMBER
System control number (OCoLC)ocm52899793
040 ## - CATALOGING SOURCE
Original cataloging agency NLM
Transcribing agency NLM
Modifying agency MSO
-- UAB
-- CLU
-- UKM
-- COU
-- DLC
042 ## - AUTHENTICATION CODE
Authentication code lccopycat
050 00 - LIBRARY OF CONGRESS CALL NUMBER
Classification number RT41
Item number .F86 1998
060 00 - NATIONAL LIBRARY OF MEDICINE CALL NUMBER
Classification number 2003 L-798
Classification number WY 100
Item number F97986 2004
082 00 - DEWEY DECIMAL CLASSIFICATION NUMBER
Classification number 610.73
Edition number 22
100 ## - MAIN ENTRY--PERSONAL NAME
Personal name Patricia K. Ladner
245 00 - TITLE STATEMENT
Title Fundamentals of nursing :
Remainder of title standard & practice
250 ## - EDITION STATEMENT
Edition statement 2nd ed.
260 ## - PUBLICATION, DISTRIBUTION, ETC. (IMPRINT)
Place of publication, distribution, etc St. Louis, Mo. :
Name of publisher, distributor, etc Saunders,
Date of publication, distribution, etc c2004.
300 ## - PHYSICAL DESCRIPTION
Extent xli, 1346 p. :
Other physical details ill. (some col.) ;
Dimensions 29 cm.
504 ## - BIBLIOGRAPHY, ETC. NOTE
Bibliography, etc Includes bibliographical references and index.
650 #0 - SUBJECT ADDED ENTRY--TOPICAL TERM
Topical term or geographic name as entry element Nursing
General subdivision Practice.
Topical term or geographic name as entry element Nursing.
Topical term or geographic name as entry element Nursing.
Topical term or geographic name as entry element Practice Management.
Topical term or geographic name as entry element Nursing
General subdivision Practice
Geographic subdivision United States.
700 1# - ADDED ENTRY--PERSONAL NAME
Personal name Patricia k. Ladner
Personal name Sue C. Delaune
906 ## - LOCAL DATA ELEMENT F, LDF (RLIN)
a 7
b cbc
c copycat
d 2
e ncip
f 20
g y-gencatlg
942 ## - ADDED ENTRY ELEMENTS (KOHA)
Source of classification or shelving scheme Library of Congress Classification
Koha item type Long Loan Books
Holdings
Withdrawn status Lost status Source of classification or shelving scheme Damaged status Not for loan Collection code Home library Current library Shelving location Date acquired Total Checkouts Full call number Barcode Date last seen Price effective from Koha item type
    Library of Congress Classification     Non-fiction Rongo University Library Rongo University Library General Stacks 02/03/2017   RT41 .F8816 1998 201700034 02/03/2017 02/03/2017 Long Loan Books

© 2026 Rongo University
Contact us: librarian | system librarian | Rongo university